000 00321nam a2200145Ia 4500
008 221030s9999 xx 000 0 und d
041 _aEnglish
082 _a105.23
100 _aG. R. Nagpal
245 0 _aMachine Drawing
260 _bKhanna Pub.
_aDelhi
_c2006
300 _a411
650 _aMechanical
942 _cBK
999 _c5840
_d5840